00629nam a22002417i 45000010005000000030004000050050017000090070003000260080041000290220014000700240014000840240020000980400008001181000020001262450073001462600085002193000019003044900024003236510011003476510008003589420006003669990015003724971OSt20170126082341.0tu161220s2000 xxu||||| |||| 00| 0 d a1215-52417 a49712RID7 a49712RSN (alt) cOSt1 aDezseri, Kalman00aEconomic Relations Between Russia and the Central European Countries aBudapest :bInstitute for World Economics, Hungarian Academy of Sciences,c2000. a27 S. ;c30cm. aWorking Papersv111 aRussia aCEE cB c4834d4834